01194cas a22003497a 450000500170000000800410001701000100005801100100006802200140007803500100009224500740010226000970017630000160027331000150028936200190030459000410032359000410036459000410040559000420044665000510048886600530053986600340059286600240062686600340065086600250068486600200070986600340072986600340076390100070079790500230080499900170082720220329142020.0990222c1923 pl qr pernn 0 0b1eng d a77086 a780580 a0001-6977 a8786600aActa Societatis Botanicorum Poloniaec/by Botanical Society of Poland0 aWroclaw, Poland :bAgricultural University. Department of Botany and Plant Physiologyc1923- av. :bilus. aTrimestral1 av.66 n.4, 1997 aBATCH-UPDb10c20130110lUCH01h2248 aBATCH-UPDb10c20130410lUCH01h1542 aBATCH-UPDb10c20130914lUCH01h0736 aCONVERSIONb10c20130109lUCH01h134214aBotánicaxPublicaciones periódicas.914606 av. 67 n. 1 (March 1998) - v. 67 n. 2 (June 1998) av.17 n.1-v.20 n.2 (1946-1950) av.39 n.1-2,4 (1970) av.48 n.4-v.49 n.4 (1979-1980) av.56 n.1,3-4- (1987) av.57 n.1 (1988) av.58 n.2-v.60 n.2 (1989-1991) av.61 n.1-v.66 n.4 (1992-1997) aSE aLilia Sánchez G. c77086d77086